Pokémon Platine - Les capacités de type Électrik - Statistiques

Statistiques générales
  • Ce quiz a été pris 51 fois
  • Le résultat moyen est 11 sur 14
Statistiques - réponses
Gen Catégorie Capacité % Correct
I Spéciale Fatal-Foudre
100%
I Spéciale Tonnerre
98%
I Spéciale Éclair
96%
I Statut Cage-Éclair
93%
IV Physique Crocs Éclair
84%
II Physique Étincelle
82%
IV Spéciale Coup d'Jus
78%
I Physique Poing-Éclair
78%
III Statut Chargeur
73%
III Physique Électacle
71%
III Spéciale Onde de Choc
64%
IV Spéciale Rayon Chargé
62%
II Spéciale Élecanon
53%
IV Statut Vol Magnétik
42%
Aucun quiz correspondant
Distribution des résultats
% des personnes avec chaque résultat
Percentile par nombre de réponses
Votre historique - résultats
Vous n’avez pas pris ce quiz